000 00325nam a2200133Ia 4500
008 240624s9999 xx 000 0 und d
041 _aeng
082 _a332.9 SWA
100 _aSWAMY SUBRAMANIAN
245 _a2G SPECTRUM SCAM
260 _c2011
_aNew Delhi
_bHar-Anand Publications
300 _a304 : p.
365 _cRS
_b25
999 _c17827
_d17827